| 000 | 01688nam a2200409 c 4500 | ||
|---|---|---|---|
| 001 | 24835 | ||
| 003 | ES-MaCES | ||
| 005 | 20170707132251.0 | ||
| 008 | 130207s2012 sp l o000 | spa d | ||
| 017 |
_aM 3082-2002 _bDL |
||
| 024 | 7 |
_a720-12-044-7 _2nipo |
|
| 024 | 7 |
_a630-12-165-8 _2nipo |
|
| 035 | _aCES20130000213m | ||
| 040 |
_aES-MaCES _bspa _cES-MaCES |
||
| 245 | 0 | 0 |
_aAdministración General del Estado _pEstructura orgánica básica _pT. II _b: (actualización julio 2012) |
| 260 |
_a[Madrid] _bMinisterio de Hacienda y Administraciones Públicas _bMinisterio de Economía y Competitividad _c[2012] |
||
| 300 |
_a423 p. _c17 cm |
||
| 490 | 1 |
_aTextos legales / separata del Boletín Oficial de los Ministerios de Hacienda y Administraciones Públicas y de Economía y Competitividad _v7-2012 |
|
| 500 | _aÍndices | ||
| 541 | _cGratuito | ||
| 650 | 4 |
_aíndice _928973 |
|
| 650 | 4 |
_alegislación _927153 |
|
| 650 | 4 |
_aEspaña _926964 |
|
| 650 | 4 |
_arégimen jurídico _929894 |
|
| 650 | 4 |
_aorganigrama _929631 |
|
| 650 | 4 |
_aorganismo gubernamental _929508 |
|
| 650 | 4 |
_agobierno _927210 |
|
| 650 | 4 |
_aadministración pública _927214 |
|
| 653 | 1 | 0 | _aLegislación |
| 710 | 1 |
_aEspaña _bMinisterio de Economía y Competitividad _eed. _93236 |
|
| 710 | 1 |
_93246 _aEspaña _bMinisterio de Hacienda y Administraciones Públicas _eed. |
|
| 787 | 0 |
_tAdministración General del Estado _w(ES-MaCES)24833 |
|
| 830 | 0 |
_aTextos legales / separata del Boletín Oficial de los Ministerios de Hacienda y Administraciones Públicas y de Economía y Competitividad _v7-2012 _934653 |
|
| 902 | _aLIB Libro | ||
| 942 |
_2CES _cBK _h6.1. |
||
| 999 |
_c24835 _d24835 |
||